[Event "GER-chT2 LF-22 B3 email"]
[Site "GER email"]
[Date "2007.??.??"]
[Round "?"]
[White "Prochnow, Mario"]
[Black "Samraoui, Mohamed"]
[Result "1/2-1/2"]
[WhiteElo "2103"]
[BlackElo "2039"]
[PlyCount "64"]
[EventDate "2007.??.??"]
[EventType "team (corr)"]
[EventRounds "9"]
[EventCountry "GER"]
[SourceTitle "Corr 2008"]
[Source "ChessBase"]
[SourceDate "2008.06.24"]
[SourceVersion "1"]
[SourceVersionDate "2008.06.24"]
[SourceQuality "1"]

1. d4 Nf6 2. c4 e6 3. Nc3 Bb4 4. Qc2 0-0 5. a3 Bxc3+ 6. Qxc3 b6 7. Bg5 Bb7 8. e3 d6 9. Nf3 Nbd7 10. Nd2 c5 11. f3 Rc8 12. dxc5 Rxc5 13. Bh4 d5 14. b4 Rc7 15. Qb2 Qe7 16. Rc1 Rfc8 17. Be2 Ba6 18. b5 Bb7 19. 0-0 h6 20. Rfe1 dxc4 21. Nxc4 Bd5 22. Nd2 e5 23. e4 Be6 24. Rxc7 Rxc7 25. Rc1 Rxc1+ 26. Qxc1 Nc5 27. Qc2 g5 28. Bf2 Nfd7 29. Be3 Nb7 30. Qc3 f6 31. Nf1 Ndc5 32. Ng3 Qd7 1/2-1/2

[Event "GER-chT2 LF-22 B3 email"]
[Site "GER email"]
[Date "2007.??.??"]
[Round "?"]
[White "Thelen, Armin"]
[Black "Samraoui, Mohamed"]
[Result "1-0"]
[WhiteElo "2191"]
[BlackElo "2039"]
[PlyCount "99"]
[EventDate "2007.??.??"]
[EventType "team (corr)"]
[EventRounds "9"]
[EventCountry "GER"]
[SourceTitle "Corr 2008"]
[Source "ChessBase"]
[SourceDate "2008.06.24"]
[SourceVersion "1"]
[SourceVersionDate "2008.06.24"]
[SourceQuality "1"]

1. e4 c5 2. c3 d5 3. exd5 Qxd5 4. d4 Nf6 5. Nf3 Bg4 6. dxc5 Qxc5 7. Na3 a6 8. Be3 Qc7 9. h3 Bxf3 10. Qxf3 e6 11. Nc4 Nd5 12. Be2 Nxe3 13. fxe3 Bc5 14. Qf4 Qxf4 15. exf4 b5 16. Ne5 Ra7 17. Bf3 Ke7 18. Ke2 Rc8 19. Nd3 Bb6 20. a4 bxa4 21. Rxa4 a5 22. Rha1 Rac7 23. f5 exf5 24. Nf4 Re8 25. Nd5+ Kf8+ 26. Kd3 Rd7 27. Kc2 Bd8 28. Rc4 Rd6 29. Rc8 Na6 30. b4 axb4 31. c4 g6 32. c5 Rde6 33. c6 b3+ 34. Kxb3 Nc5+ 35. Kc4 Ne4 36. Bxe4 Rxe4+ 37. Kc5 Kg7 38. Ra2 Be7+ 39. Nxe7 R8xe7 40. Rd8 R4e5+ 41. Rd5 Re1 42. Rc2 Kf6 43. Rd6+ Kg7 44. Rd7 R7e5+ 45. Kb6 Rb1+ 46. Kc7 Rbb5 47. Kc8 Re8+ 48. Rd8 Re7 49. c7 f4 50. Rdd2 1-0

[Event "GER-ch36 fin email"]
[Site "GER email"]
[Date "2006.04.01"]
[Round "?"]
[White "Fischer, Wolfgang"]
[Black "Samraoui, Mohamed"]
[Result "1/2-1/2"]
[WhiteElo "2179"]
[BlackElo "2111"]
[PlyCount "29"]
[EventDate "2006.??.??"]
[EventType "tourn (corr)"]
[EventRounds "12"]
[EventCountry "GER"]
[SourceTitle "Corr 2008"]
[Source "ChessBase"]
[SourceDate "2008.06.24"]
[SourceVersion "1"]
[SourceVersionDate "2008.06.24"]
[SourceQuality "1"]

1. e4 c5 2. Nf3 d6 3. d4 cxd4 4. Nxd4 Nf6 5. Nc3 a6 6. f3 Qb6 7. g4 Nc6 8. Nb3 e6 9. Qe2 Be7 10. Be3 Qc7 11. g5 Nd7 12. 0-0-0 b5 13. h4 Bb7 14. Qf2 Rc8 15. h5 1/2-1/2